Epica Book 25 : Europe's Best Advertising /

Una muestra de lo mejor de la publicidad europea, premiada en el Epica Award. Incluye publicidad tanto impresa como para medios audiovisuales y, en los volúmenes más recientes, publicidad en medios interactivos . En cada caso se señala el cliente, la agencia, el productor y los creativos diversos.

Guardat en:
Dades bibliogràfiques
Altres autors: Rawlins, Andrew (dir.) Conductor, Högqvist, Richard (edición y dirección artística) (edición y dirección artística), Taschler, Patrick (dirección artística) (dirección artística), Spillman, Martin (introducción) (introducción)
Format: Llibre
Idioma:anglès
Publicat: Suresnes, Francia : Epica, 2012, c2012
Matèries:
Etiquetes: Afegir etiqueta
Sense etiquetes, Sigues el primer a etiquetar aquest registre!

MARC

LEADER 00000nam^a2200000^a^4500
001 000340247
005 20250521000000.0
009 20260526141116.093
020 |a 978-288479-110-6 
037 |a Acervo ITESO - Biblioteca 
041 |a ING 
082 |a 741. 6  |b EPI V. 25 
100 |a Rawlins, Andrew  |e (dir.) 
240 1 1 |a [Epica Book: Europe's Best Advertising] 
245 1 0 |a Epica Book 25 :  |b Europe's Best Advertising /  |c Dir. de A. Rawlins ; ed. y dir. artística de R. Högqvist ; dir. artística de P. Taschler ; introd. de M. Spillman. 
246 2 |a Título en la cubierta: Book Twenty Five: Europe's Best Advertising 
264 4 |a Suresnes, Francia :  |b Epica,  |c 2012, c2012 
300 |a 391 p. 
336 |a texto  |b txt  |2 rdacontenido 
337 |a sin mediación  |b n  |2 rdamedio 
338 |a volumen  |b nc  |2 rdasoporte 
520 |a Una muestra de lo mejor de la publicidad europea, premiada en el Epica Award. Incluye publicidad tanto impresa como para medios audiovisuales y, en los volúmenes más recientes, publicidad en medios interactivos . En cada caso se señala el cliente, la agencia, el productor y los creativos diversos. 
649 |a XX 
650 |a Publicidad -  |z Europa -  |x Tema Principal 
650 |a Publicidad -  |z Europa -  |x Premios 
650 |a Publicidad -  |z Europa -  |x Anuarios 
650 |a Diseño Gráfico -  |z Europa -  |x Premios 
650 |a Diseño Gráfico -  |z Europa -  |x Anuarios 
650 |a Comunicación Visual -  |z Europa -  |x Premios 
650 |a Comunicación Visual -  |z Europa -  |x Anuario 
650 |a Arte Europeo -  |x Premios 
650 |a Arte Europeo -  |x Anuarios 
650 |a Arte Europeo -  |y 2000-2019 
650 |a Arte Europeo -  |y Siglo XXI 
700 |a Högqvist, Richard  |e (edición y dirección artística) 
700 |a Taschler, Patrick  |e (dirección artística) 
700 |a Spillman, Martin  |e (introducción) 
910 |a Fondo General 
920 |a Impresos - Libros 
930 |a Reserva Especial 
905 |a 103 
901 |a 0500230339  |b IT1  |c REE  |i C138448  |u 20250521 
901 |a 0500231250  |b IT1  |c REE  |i C140256  |u 20250521 
902 |a https://opac.biblio.iteso.mx/vufind/Record/000340247